UML gota a gota (Registro nro. 917)
[ vista simple ]
| 000 -CABECERA | |
|---|---|
| campo de control de longitud fija | 00870ata a2200289 4500 |
| 005 - FECHA Y HORA DE ACTUALIZACIÓN | |
| campo de control | 20220309151642.0 |
| 008 - LONGITUD FIJA | |
| campo de control de longitud fija | 150623b xxu||||| |||| 00| 0 spa d |
| 041 ## - IDIOMA | |
| Código de idioma del texto/pista de sonido o título separado | |
| 082 ## - CLASIFICACIÓN DECIMAL DEWEY | |
| Número de clasificación | 005.4 F787u |
| 100 ## - AUTOR PERSONAL | |
| Nombre de persona | Fowler, Martin |
| 100 ## - AUTOR PERSONAL | |
| Nombre de persona | Scott, Kendall |
| 245 ## - TÍTULO PROPIAMENTE DICHO | |
| Título | UML gota a gota |
| 260 ## - PIE DE IMPRENTA | |
| Lugar de publicación, distribución, etc. | México |
| Nombre del editor, distribuidor, etc. | Pearson Educación |
| Fecha de publicación, distribución, etc. | 1999 |
| 300 ## - DESCRIPCIÓN FÍSICA | |
| Extensión | 224 páginas |
| 650 ## - Materia General | |
| Materia general | PROGRAMACION ORIENTADO A OBJETOS |
| 650 ## - Materia General | |
| Materia general | PROGRAMACION |
| 650 ## - Materia General | |
| Materia general | UML |
| 650 ## - Materia General | |
| Materia general | DIAGRAMAS DE CALASE |
| 650 ## - Materia General | |
| Materia general | DIAGRAMAS DE INTERACCION |
| 650 ## - Materia General | |
| Materia general | DIAGRAMAS DE PAQUETES |
| 650 ## - Materia General | |
| Materia general | DIAGRAMAS DE ESTADOS |
| 650 ## - Materia General | |
| Materia general | DIAGRAMAS DE ACTIVIDADES |
| 650 ## - Materia General | |
| Materia general | DIAGRAMAS DE EMPLAZAMIENTO |
| 650 ## - Materia General | |
| Materia general | DISEÑO ORIENTADO A OBJETOS |
| 650 ## - Materia General | |
| Materia general | PATRONES |
| 942 ## - Punto de Acceso Adicional Koha | |
| Tipo de ítem Koha | Libro |
| Estado perdido | Estado dañado | No para préstamo | Biblioteca permanente | Biblioteca actual | Signatura completa | Código de barras | Precio efectivo a partir del | Tipo de ítem |
|---|---|---|---|---|---|---|---|---|
| Departamento de Biblioteca y Documentación Alfonso Chase Brenes | Departamento de Biblioteca y Documentación Alfonso Chase Brenes | 005.4 F787u | 12190 | 30/05/2016 | Libro | |||
| Departamento de Biblioteca y Documentación Alfonso Chase Brenes | Departamento de Biblioteca y Documentación Alfonso Chase Brenes | 005.4 F787u | 12191 | 30/05/2016 | Libro | |||
| Departamento de Biblioteca y Documentación Alfonso Chase Brenes | Departamento de Biblioteca y Documentación Alfonso Chase Brenes | 005.4 F787u | 12194 | 30/05/2016 | Libro |